Oľga Feldeková: Veverica

Bibliographic Details
Main Authors: Kasáč, Zdenko, 1924-2017 (Author), Feldeková, Oľga, 1943-2025 (Author)
Format: Article
Language:Slovak
Subjects:

MARC

LEADER 00000nab a2200000 a 4500
001 vtls000250727
003 SK-MaSNL
005 20260305001040.0
008 250423c1986 xo 0 slo
015 |a SNBRB19rr/mm-uuuuu 
035 |a CL0260841 
035 |a urn:nbn:sk:snk-abelni 
035 |a (urnnbn)urn:nbn:sk:snk:ar-000aeg 
035 |a (uuid)4131b973-108a-452a-a425-ae87836b0c7d 
040 |a SNKBUCL  |b slo  |c SNKBUCL  |e AACR2 
041 0 |a slo 
044 |a xo  |c SK 
080 |a 82.09:885.4-3(048)  |2 1981 
080 |a 885.4-3(048)  |2 1981 
100 1 |a Kasáč, Zdenko,  |d 1924-2017  |4 aut  |9 103553 
245 1 0 |a Oľga Feldeková: Veverica  |c Zdenko Kasáč ; Oľga Feldeková 
500 |a V rubrike Knihy. 
650 0 7 |a novely lyrické  |2 snkbucl  |9 938436 
655 7 |a články z novín a časopisov  |2 snkbucl  |9 267496 
655 7 |a články z odboru literárna veda a krásna literatúra  |2 snkbucl  |9 770045 
700 1 |a Feldeková, Oľga,  |d 1943-2025  |4 aut  |9 102455 
773 0 |t Slovenské pohľady  |g Roč. 102, č. 6 (1986), s. 128-130 
787 0 8 |i Rec.:  |a Feldeková, Oľga  |t Veverica  |d Bratislava : Slovenský spisovateľ, 1985 
850 |a Slovenská národná knižnica 
852 |a Slovenská národná knižnica 
958 |a article27 
958 |a BX 
958 |a RK 
958 |a LX 
958 |a OND 
958 |a EUIPO 
992 |a RBX 
999 |c 3217250  |d 3219180